Bolshoe serdtse. : Povesti s Vostoka. Ein grosses Herz /

Bibliographic Details
Main Author: Pilʹni︠a︡k, Boris, 1894-1937
Format: Book
Language:Russian
Published: Munchen : W. Fink, 1970.
Series:Slavische Propyläen ; Bd. 100.

MARC

Tag First Indicator Second Indicator Subfields
LEADER 00000cam a2200000 4500
001 in00000023515
005 20151007064451.0
008 780828s1970 gw 00001 rusr
010 |a  70593059  
035 |a (OCoLC)04174420 
035 |9 AAD9896AM 
040 |a DLC  |c HDC  |d HDC  |d TXA  |d UtOrBLW 
049 |a TXAM  |c [1358162] 
050 0 0 |a PG3476.V6  |b B6 1970 
090 |a PG3476.V6  |b B6 1970a 
100 1 |a Pilʹni︠a︡k, Boris,  |d 1894-1937. 
245 1 0 |a Bolshoe serdtse. :  |b Povesti s Vostoka. Ein grosses Herz /  |c Erzahlungen aus dem Osten. 
264 1 |a Munchen :  |b W. Fink,  |c 1970. 
300 |a 234, 269 pages ;  |c 18 cm. 
336 |a text  |b txt  |2 rdacontent 
337 |a unmediated  |b n  |2 rdamedia 
338 |a volume  |b nc  |2 rdacarrier 
490 1 |a Slavische Propylaen,  |v Bd. 100 
500 |a In Cyrillic characters. 
500 |a At head of title: Boris Pilniak. 
500 |a Label mounted on title page: Distributed by Russian Language Specialities, Pullman, Mich. 
700 1 |a Pilʹni︠a︡k, Boris,  |d 1894-1937.  |t Povesti s Vostoka. 
740 0 |a Povesti s Vostoka. 
830 0 |a Slavische Propyläen ;  |v Bd. 100. 
999 |a MARS 
999 f f |s ce232dfe-2e69-3a3e-8927-ff5f4dd619a2  |i c6d90531-7af2-3a25-b8d7-614489d31285  |t 0 
952 f f |p ric  |a Texas A&M University  |b Rellis Campus  |c Joint Library Facility  |s JLF  |d Remote Storage  |t 0  |e PG3476.V6 B6 1970a  |h Library of Congress classification  |i unmediated -- volume  |m A14803631548 
998 f f |a PG3476.V6 B6 1970a  |t 0  |l Remote Storage